000 00734nam a2200265Ia 4500
001 Z_2152
003 CHAP
008 220113s1995 xx 000 0 und d
010 _a163577
040 _cCHAP
090 _aTesis T 1013
100 _aTrejo Trejo, Nereyda
_9114794
245 _aEstudio de la ganadería ovina en los Valles de Apan /
_cpor Nereyda Trejo Trejo
260 _aChapingo, Méx. :
_bEl autor,
_c1995
300 _a117 h.
502 _aTesis (Ing. Agr. Esp. en Zootecnia) -- UACH. Departamento de Zootecnia
650 _aGanado lanar
_xHidalgo
650 _aGanado lanar
_xProducción
_945214
901 _aTESIS T 1013
902 _aM
910 _a1995
942 _c2
942 _c2
999 _c163577
_d163577